| 000 | 00477nam a2200181Ia 4500 | ||
|---|---|---|---|
| 001 | 20960 | ||
| 003 | GE_BSU | ||
| 008 | 181216s||||||||xx |||||||||||||| ||und|| | ||
| 040 | _cGE_BSU | ||
| 245 | _aParis Match, du 22 au 28 decembre. №3527. 2016 | ||
| 260 | _aParis | ||
| 260 | _c2016 | ||
| 300 | _a122 p. 30cm. ill. | ||
| 653 | _aParis Match, du 22 au 28 decembre. №3527. 2016 | ||
| 653 | _aПериодика | ||
| 653 | _aპერიოდიკა | ||
| 942 | _cCR | ||
| 999 |
_c53909 _d53909 |
||